[Event "Take 5 2026.02 U1600"]
[Site "Montreal CAN"]
[Date "2026.02.15"]
[Round "4.14"]
[White "Bradley, Dave"]
[Black "Dupras Lindsay, Liam"]
[Result "0-1"]
[WhiteElo "964"]
[BlackElo "1064"]
[WhiteFideId "-1"]
[BlackFideId "-1"]
[PlyCount "102"]
[GameId "2281092406907457"]
[EventDate "2026.02.13"]
[EventType "swiss"]
[EventRounds "5"]
[EventCountry "CAN"]

1. d4 d5 2. Nc3 c6 3. Bf4 Bf5 4. e3 e6 5. f3 Nf6 6. g4 Bg6 7. Bd3 Bd6 8. Qd2 Bxd3 9. Qxd3 Bxf4 10. exf4 Qd6 11. Nge2 Nbd7 12. g5 Nh5 13. O-O-O Nxf4 14. Nxf4 Qxf4+ 15. Kb1 Qxg5 16. Rhg1 Qf6 17. Qe3 Nb6 18. b3 a5 19. a4 Nc8 20. Qg5 Qxg5 21. Rxg5 O-O 22. Rdg1 g6 23. h4 Nd6 24. h5 b5 25. Ne2 bxa4 26. Ka2 axb3+ 27. cxb3 a4 28. b4 Nc4 29. Nc1 a3 30. Nd3 f6 31. R5g3 Kf7 32. hxg6+ hxg6 33. Rxg6 Rg8 34. R6g3 Rxg3 35. Rxg3 Rg8 36. Rxg8 Kxg8 37. f4 Kg7 38. Nf2 Kg6 39. Ng4 Kf5 40. Nf2 Kxf4 41. Nd3+ Ke4 42. Nc5+ Kxd4 43. Nxe6+ Kc3 44. Nf4 d4 45. Ne2+ Kd3 46. Nc1+ Kd2 47. Nb3+ Kc3 48. Nc5 Kxb4 49. Nd3+ Kc3 50. Nf2 d3 51. Nd1+ Kc2 0-1

[Event "Take 5 2026.02 U1600"]
[Site "Montreal CAN"]
[Date "2026.02.15"]
[Round "5.11"]
[White "Sychev, Danila"]
[Black "Dupras, Olivier"]
[Result "1-0"]
[WhiteElo "1544"]
[BlackElo "1086"]
[WhiteFideId "-1"]
[BlackFideId "-1"]
[PlyCount "51"]
[GameId "2281092406907458"]
[EventDate "2026.02.13"]
[EventType "swiss"]
[EventRounds "5"]
[EventCountry "CAN"]

1. d4 Nf6 2. c4 d6 3. Nf3 g6 4. g3 Bg7 5. Bg2 Nbd7 6. O-O O-O 7. Nc3 Re8 8. b3 b6 9. Ne5 Rb8 10. Nc6 Bb7 11. Nxd8 Rexd8 12. Bxb7 Rxb7 13. e4 e5 14. dxe5 Nxe5 15. f4 Nc6 16. Bb2 a6 17. Nd5 Nxe4 18. Bxg7 Kxg7 19. f5 Ne5 20. f6+ Nxf6 21. Nxf6 b5 22. Qd4 c6 23. Qe4 Re7 24. Qf4 Rf8 25. Qh4 Rc7 26. Qxh7# 1-0

[Event "Take 5 2026.02 U1600"]
[Site "Montreal CAN"]
[Date "2026.02.15"]
[Round "5.12"]
[White "Rebhi, Mohamed"]
[Black "Massicotte, Samuel"]
[Result "0-1"]
[WhiteElo "1183"]
[BlackElo "1316"]
[WhiteFideId "-1"]
[BlackFideId "-1"]
[PlyCount "46"]
[GameId "2281092406907459"]
[EventDate "2026.02.13"]
[EventType "swiss"]
[EventRounds "5"]
[EventCountry "CAN"]

1. b3 e5 2. Bb2 Nc6 3. e3 d5 4. Bb5 Bd6 5. f4 Bd7 6. Nf3 Qe7 7. Bxc6 Bxc6 8. fxe5 Bc5 9. e6 f6 10. Nd4 Bxd4 11. Bxd4 O-O-O 12. Qe2 Qxe6 13. O-O Ne7 14. a4 a6 15. Nc3 Nf5 16. Bc5 Rhe8 17. b4 d4 18. Nd1 dxe3 19. Nxe3 Nxe3 20. Bxe3 Rd5 21. Rab1 Rg5 22. g3 Qe4 23. Kf2 Rf5+ 0-1

[Event "Take 5 2026.02 U1600"]
[Site "Montreal CAN"]
[Date "2026.02.15"]
[Round "5.13"]
[White "Gauthier, Luc"]
[Black "Bradley, Dave"]
[Result "1-0"]
[WhiteElo "1527"]
[BlackElo "964"]
[WhiteFideId "-1"]
[BlackFideId "-1"]
[PlyCount "45"]
[GameId "2281092406907460"]
[EventDate "2026.02.13"]
[EventType "swiss"]
[EventRounds "5"]
[EventCountry "CAN"]

1. e4 d6 2. Nc3 Nf6 3. f4 c6 4. Nf3 Nbd7 5. d4 g6 6. a4 a5 7. Bc4 Bg7 8. O-O O-O 9. e5 dxe5 10. fxe5 Nd5 11. Bxd5 cxd5 12. Nxd5 Nb8 13. Ne3 Nc6 14. c3 e6 15. Ng4 f5 16. Bg5 Qb6 17. Nh6+ Kh8 18. Qd2 Nxe5 19. Nxe5 Bxe5 20. Be7 Bxh2+ 21. Kh1 Qc7 22. Bxf8 Bg3 23. Qg5 1-0

[Event "Take 5 2026.02 U1600"]
[Site "Montreal CAN"]
[Date "2026.02.15"]
[Round "5.14"]
[White "Dupras Lindsay, Liam"]
[Black "Landou, Nafissa"]
[Result "0-1"]
[WhiteElo "1064"]
[BlackElo "1297"]
[WhiteFideId "-1"]
[BlackFideId "-1"]
[PlyCount "94"]
[GameId "2281092406907461"]
[EventDate "2026.02.13"]
[EventType "swiss"]
[EventRounds "5"]
[EventCountry "CAN"]

1. e4 e5 2. Nf3 Nc6 3. Bc4 Bc5 4. Nc3 Nf6 5. d3 h6 6. h3 O-O 7. O-O d6 8. Be3 Bxe3 9. fxe3 Na5 10. Bb3 Nxb3 11. axb3 Re8 12. Qe2 Bd7 13. Rae1 a6 14. d4 exd4 15. exd4 Nxe4 16. Nxe4 d5 17. Qd3 Bf5 18. Nfd2 dxe4 19. Nxe4 Bg6 20. Qf3 Qxd4+ 21. Nf2 Bxc2 22. Qxb7 Rac8 23. Rxe8+ Rxe8 24. Qxc7 Bxb3 25. Qc6 Re2 26. Qa8+ Kh7 27. Qf3 Rxb2 28. Qd3+ Qxd3 29. Nxd3 Rd2 30. Nc5 Bc4 31. Ra1 Bd5 32. Rxa6 Rxg2+ 33. Kf1 Rh2 34. Ra3 g5 35. Nd7 Kg7 36. Ne5 Be6 37. Ng4 Bxg4 38. hxg4 Rh4 39. Rg3 Kg6 40. Kg2 h5 41. gxh5+ Rxh5 42. Kf3 f5 43. Rg2 Rh4 44. Rg3 f4 45. Rg2 Kf5 46. Ra2 g4+ 47. Kf2 Rh2+ 0-1

[Event "Take 5 2026.03"]
[Site "Montreal CAN"]
[Date "2026.03.13"]
[Round "1.1"]
[White "Kraiouchkine, Nikita"]
[Black "Vlasov, Alexander"]
[Result "1-0"]
[WhiteElo "2221"]
[BlackElo "1741"]
[WhiteFideId "-1"]
[BlackFideId "-1"]
[PlyCount "83"]
[GameId "2289088449063394"]
[EventDate "2026.03.13"]
[EventType "swiss"]
[EventRounds "5"]
[EventCountry "CAN"]

1. e4 e6 2. d4 d5 3. e5 c5 4. c3 Nc6 5. Nf3 Qb6 6. a3 Nh6 7. b4 cxd4 8. cxd4 Nf5 9. Be3 Nxe3 10. fxe3 f6 11. b5 Ne7 12. Bd3 Ng6 13. Qc2 f5 14. Nc3 Be7 15. h4 h5 16. a4 Qa5 17. Kf2 O-O 18. Qb3 Qd8 19. g3 b6 20. a5 bxa5 21. Na4 Bb4 22. Rhc1 Bd7 23. Nc5 Qe8 24. Ng5 Qe7 25. Qd1 Rfc8 26. Qxh5 Nf8 27. Nxd7 Qxd7 28. g4 g6 29. Qh6 Qg7 30. Qxg7+ Kxg7 31. gxf5 exf5 32. h5 Kh6 33. Nh3 Kxh5 34. Nf4+ Kh6 35. Nxd5 Bd2 36. Rc6 Nd7 37. Rd6 Nb6 38. Ne7 Rc1 39. Rxg6+ Kh5 40. Be2+ Kh4 41. Nxf5+ Kh3 42. Rh6# 1-0

[Event "Take 5 2026.03"]
[Site "Montreal CAN"]
[Date "2026.03.13"]
[Round "1.2"]
[White "Di Matteo, Alessio"]
[Black "Robillard, Guillaume"]
[Result "0-1"]
[WhiteElo "2001"]
[BlackElo "1689"]
[WhiteFideId "-1"]
[BlackFideId "-1"]
[PlyCount "100"]
[GameId "2289088449100259"]
[EventDate "2026.03.13"]
[EventType "swiss"]
[EventRounds "5"]
[EventCountry "CAN"]

1. d4 Nf6 2. c4 d6 3. Nf3 Nbd7 4. Nc3 e5 5. e4 c6 6. Be2 Be7 7. O-O O-O 8. Qc2 Qc7 9. h3 exd4 10. Nxd4 Re8 11. Be3 Bf8 12. Rad1 Nc5 13. f3 Nh5 14. b4 Ne6 15. Nxe6 Bxe6 16. Bd3 Rad8 17. Rfe1 h6 18. Qf2 b6 19. f4 Be7 20. g4 Nf6 21. f5 Bc8 22. Bf4 Nd7 23. h4 Bf6 24. Ne2 Be5 25. g5 h5 26. Qf3 g6 27. Ng3 d5 28. Bxe5 Nxe5 29. Qf4 d4 30. Be2 Qe7 31. Bxh5 gxh5 32. Nxh5 Nd7 33. Rxd4 Qxb4 34. Red1 Qc5 35. Nf6+ Nxf6 36. gxf6 Kh7 37. Qg5 Rg8 38. Kf1 Rxg5 39. Rxd8 Rg1+ 40. Ke2 Rxd1 41. Rxd1 Qxc4+ 42. Ke3 Ba6 43. Rd7 Qe2+ 44. Kf4 Qh2+ 45. Ke3 Qg3+ 46. Kd2 Qf2+ 47. Kc1 Qe1+ 48. Kb2 Bc4 49. Rxa7 Qd2+ 50. Kb1 Bd3+ 0-1

[Event "Take 5 2026.03"]
[Site "Montreal CAN"]
[Date "2026.03.13"]
[Round "1.3"]
[White "Pomerantz, Daniel"]
[Black "Gamache, Lucien"]
[Result "1/2-1/2"]
[WhiteElo "1989"]
[BlackElo "1611"]
[WhiteFideId "-1"]
[BlackFideId "-1"]
[PlyCount "128"]
[GameId "2289088449100260"]
[EventDate "2026.03.13"]
[EventType "swiss"]
[EventRounds "5"]
[EventCountry "CAN"]

1. e4 c5 2. Nf3 d6 3. d4 cxd4 4. Nxd4 Nf6 5. Nc3 a6 6. f3 e6 7. Be3 Be7 8. Qd2 Qc7 9. O-O-O h5 10. Kb1 Nbd7 11. Rg1 b5 12. g3 Ne5 13. Qf2 Nc4 14. Bxc4 Qxc4 15. h3 e5 16. Nb3 Bxh3 17. Na5 Qc7 18. Bb6 Qd7 19. Rh1 Be6 20. g4 g6 21. Nd5 Bxd5 22. exd5 Rc8 23. Qd2 Kf8 24. gxh5 Nxh5 25. f4 exf4 26. Bd4 Rg8 27. Nc6 Bg5 28. Rhg1 Qf5 29. Bc3 Ng3 30. Bb4 Ne4 31. Qd3 f3 32. Rxg5 Nxg5 33. Bxd6+ Kg7 34. Qd4+ f6 35. Qa7+ Nf7 36. Bg3 Rgd8 37. Rc1 Rxd5 38. Nb4 Rdc5 39. Bf2 Rc4 40. a3 R8c7 41. Qxa6 Ng5 42. Qd6 Ne4 43. Qb6 Nxf2 44. Qxf2 g5 45. Rh1 g4 46. Qh4 Qg6 47. Qh8+ Kf7 48. Nd3 f2 49. Nxf2 Qxc2+ 50. Ka1 Qxf2 51. Rh7+ Ke6 52. Qg8+ Ke5 53. Rh5+ Kf4 54. Qd5 Qe1+ 55. Ka2 Qe4 56. Qd2+ Kg3 57. Qh2+ Kf3 58. Qh1+ Ke3 59. Qg1+ Kd3 60. Qd1+ Ke3 61. Qg1+ Kf4 62. Qh2+ Kf3 63. Qh1+ Kg3 64. Qh2+ Kf3 1/2-1/2

[Event "Take 5 2026.03"]
[Site "Montreal CAN"]
[Date "2026.03.13"]
[Round "1.4"]
[White "Duval, Mathieu"]
[Black "Sychev, Danila"]
[Result "1-0"]
[WhiteElo "1888"]
[BlackElo "1584"]
[WhiteFideId "-1"]
[BlackFideId "-1"]
[PlyCount "51"]
[GameId "2289088449100261"]
[EventDate "2026.03.13"]
[EventType "swiss"]
[EventRounds "5"]
[EventCountry "CAN"]

1. d4 Nf6 2. c4 c5 3. d5 b5 4. cxb5 a6 5. bxa6 Bxa6 6. Nc3 d6 7. e4 Bxf1 8. Kxf1 g6 9. g3 Bg7 10. Kg2 O-O 11. Nf3 Nbd7 12. Re1 Ra6 13. a4 Qa8 14. Nb5 Rb6 15. Bd2 Rfb8 16. Bc3 Qb7 17. Nd2 Ne8 18. Nc4 Ra6 19. Na5 Qc8 20. Nc6 Rxc6 21. Na7 Qb7 22. Nxc6 Bf8 23. Nxb8 Qxb8 24. a5 Nc7 25. Qa4 Nb5 26. a6 1-0

[Event "Take 5 2026.03"]
[Site "Montreal CAN"]
[Date "2026.03.13"]
[Round "1.5"]
[White "Kiryakov, Marin"]
[Black "Goldner, John"]
[Result "1-0"]
[WhiteElo "1816"]
[BlackElo "1583"]
[WhiteFideId "-1"]
[BlackFideId "-1"]
[PlyCount "51"]
[GameId "2289088449100262"]
[EventDate "2026.03.13"]
[EventType "swiss"]
[EventRounds "5"]
[EventCountry "CAN"]

1. e4 e5 2. Nf3 Nc6 3. d4 exd4 4. Nxd4 Nf6 5. Nxc6 bxc6 6. e5 Qe7 7. Qe2 Nd5 8. h4 d6 9. c4 Nb6 10. exd6 cxd6 11. Be3 Be6 12. Nd2 Qf6 13. O-O-O Na4 14. Ne4 Qe5 15. Bd4 Qf4+ 16. Qe3 Qxe3+ 17. Bxe3 d5 18. cxd5 Bxd5 19. Bb5 Bxe4 20. Bxa4 Bxg2 21. Rhe1 f5 22. Bg5+ Kf7 23. Rd7+ Kg6 24. Re6+ Kh5 25. Bd1+ Bf3 26. Bxf3# 1-0

[Event "Take 5 2026.03"]
[Site "Montreal CAN"]
[Date "2026.03.13"]
[Round "1.6"]
[White "Ivanov Yuan, Maksim"]
[Black "Coquilla, Konner-Virgo"]
[Result "0-1"]
[WhiteElo "1743"]
[BlackElo "1398"]
[WhiteFideId "-1"]
[BlackFideId "-1"]
[PlyCount "112"]
[GameId "2289088449100263"]
[EventDate "2026.03.13"]
[EventType "swiss"]
[EventRounds "5"]
[EventCountry "CAN"]

1. e4 c5 2. Nf3 e6 3. d4 cxd4 4. Nxd4 Nf6 5. Nc3 Nc6 6. Nxc6 bxc6 7. e5 Nd5 8. Ne4 Qc7 9. f4 Qb6 10. c4 Bb4+ 11. Ke2 Ba6 12. Kf3 f5 13. Nd6+ Bxd6 14. cxd5 Bc5 15. dxe6 dxe6 16. Bxa6 Qxa6 17. Qc2 Qb6 18. Bd2 Rd8 19. Rhd1 O-O 20. Be1 Bd4 21. Rab1 Qa6 22. b3 c5 23. h3 Qc6+ 24. Kg3 g5 25. Bc3 gxf4+ 26. Kh2 Qe4 27. Qc1 Qxe5 28. Re1 Qf6 29. Bxd4 cxd4 30. Qxf4 Rd5 31. g4 e5 32. Qxf5 Qxf5 33. gxf5 Rxf5 34. Kg3 Kf7 35. Rf1 Rxf1 36. Rxf1+ Ke6 37. Kf3 Rd7 38. Ke4 Rf7 39. Rg1 Rf4+ 40. Kd3 Rf3+ 41. Ke2 Rxh3 42. Rg7 Rh2+ 43. Kd3 Rxa2 44. Rxh7 Ra3 45. Ke4 Kf6 46. Rh6+ Kg5 47. Re6 Ra5 48. Re8 Kf6 49. Rb8 Rc5 50. Rf8+ Ke7 51. Rh8 a5 52. Rh6 Rc3 53. Kxe5 d3 54. Rh7+ Kd8 55. Rh4 Rc7 56. Rh1 Rc3 0-1

[Event "Take 5 2026.03"]
[Site "Montreal CAN"]
[Date "2026.03.14"]
[Round "2.1"]
[White "Kiryakov, Marin"]
[Black "Duval, Mathieu"]
[Result "0-1"]
[WhiteElo "1816"]
[BlackElo "1888"]
[WhiteFideId "-1"]
[BlackFideId "-1"]
[PlyCount "72"]
[GameId "2289088449100264"]
[EventDate "2026.03.13"]
[EventType "swiss"]
[EventRounds "5"]
[EventCountry "CAN"]

1. e4 c6 2. Nc3 d5 3. Nf3 dxe4 4. Nxe4 Nf6 5. Qe2 Na6 6. d4 Nxe4 7. Qxe4 Qd5 8. Qxd5 cxd5 9. Ne5 Nb8 10. Bb5+ Nd7 11. Be2 Nxe5 12. dxe5 Bf5 13. O-O Bxc2 14. Bb5+ Kd8 15. Be3 Bf5 16. Rac1 Bd7 17. Bxd7 Kxd7 18. Rc3 g6 19. Rfc1 Bg7 20. Rc7+ Ke6 21. f4 g5 22. Rxb7 gxf4 23. Bxf4 Rac8 24. Rcc7 Rxc7 25. Rxc7 Rb8 26. b3 a5 27. Ra7 Rb5 28. g4 d4 29. Bg5 Bf8 30. Bd2 Kxe5 31. Rxa5 Rxa5 32. Bxa5 Ke4 33. Kf2 Kd3 34. Bc7 Kc2 35. Bf4 d3 36. b4 e5 0-1

[Event "Take 5 2026.03"]
[Site "Montreal CAN"]
[Date "2026.03.14"]
[Round "2.3"]
[White "Nassif, Aba"]
[Black "Pomerantz, Daniel"]
[Result "1-0"]
[WhiteElo "2003"]
[BlackElo "1989"]
[WhiteFideId "-1"]
[BlackFideId "-1"]
[PlyCount "135"]
[GameId "2289088449100266"]
[EventDate "2026.03.13"]
[EventType "swiss"]
[EventRounds "5"]
[EventCountry "CAN"]

1. Nf3 Nf6 2. g3 g6 3. Bg2 Bg7 4. O-O c5 5. b4 cxb4 6. d4 d5 7. a3 bxa3 8. Nxa3 O-O 9. Bf4 Bd7 10. c4 Bc6 11. Ne5 Nbd7 12. Nxc6 bxc6 13. Qa4 dxc4 14. Qxc4 Nb6 15. Qd3 Nfd5 16. Bd2 Qd7 17. Qe4 Qf5 18. Qh4 Qf6 19. Qxf6 Bxf6 20. Nc2 Nc4 21. Be1 e6 22. e4 Ne7 23. e5 Bg7 24. Ra6 Nd5 25. Nb4 Rfb8 26. Nxc6 Rb6 27. Rxa7 Rxa7 28. Nxa7 Bf8 29. h4 Ba3 30. Be4 Bb2 31. Bd3 Na3 32. Nc8 Rb8 33. Na7 Rb3 34. Be4 Bxd4 35. Nc6 Bb6 36. Kg2 Nb5 37. Bd2 Kg7 38. Bg5 h6 39. Bxd5 exd5 40. Bf6+ Kf8 41. Ra1 Nc7 42. Rc1 Rb2 43. Rf1 Ne6 44. Ne7 d4 45. Nd5 Ke8 46. Kf3 d3 47. Rd1 Rxf2+ 48. Ke4 Bd8 49. Ke3 Re2+ 50. Kxd3 Rg2 51. Ke4 Rxg3 52. Bxd8 Kxd8 53. Nf6+ Ke7 54. Rd7+ Kf8 55. Ra7 Kg7 56. h5 Rb3 57. Ne8+ Kg8 58. Ra8 Nf8 59. hxg6 fxg6 60. Ra7 Rb6 61. Nf6+ Kh8 62. Rf7 Rb4+ 63. Kd5 Rb5+ 64. Ke4 Rb4+ 65. Kd3 h5 66. e6 Rb3+ 67. Kc4 Rb8 68. e7 1-0

[Event "Take 5 2026.03"]
[Site "Montreal CAN"]
[Date "2026.03.14"]
[Round "2.4"]
[White "Gamache, Lucien"]
[Black "Turcotte, Jonathan"]
[Result "1/2-1/2"]
[WhiteElo "1611"]
[BlackElo "1971"]
[WhiteFideId "-1"]
[BlackFideId "-1"]
[PlyCount "87"]
[GameId "2289088449100267"]
[EventDate "2026.03.13"]
[EventType "swiss"]
[EventRounds "5"]
[EventCountry "CAN"]

1. d4 Nf6 2. Nf3 d5 3. e3 c5 4. c3 cxd4 5. exd4 Nc6 6. Bd3 Bg4 7. Nbd2 e6 8. O-O Bd6 9. Re1 Qc7 10. Nf1 O-O 11. g3 Bh5 12. Ne3 Bg6 13. Ng2 Bxd3 14. Qxd3 Rab8 15. a4 a6 16. Bf4 b5 17. axb5 axb5 18. Bxd6 Qxd6 19. b4 Ne4 20. Nd2 Nxd2 21. Qxd2 e5 22. dxe5 Nxe5 23. Qf4 f6 24. Rad1 Qc6 25. Re3 Rfd8 26. Ne1 Qc4 27. Rd4 Qa2 28. Nf3 Qb1+ 29. Kg2 Nc6 30. Rdd3 Rbc8 31. Qg4 Qa2 32. h4 Qc4 33. Qe6+ Kf8 34. h5 d4 35. Nxd4 Nxd4 36. Qe7+ Kg8 37. Rxd4 Qc6+ 38. Qe4 Rxd4 39. cxd4 Qxe4+ 40. Rxe4 Rc4 41. Re7 Rxd4 42. Rb7 Rxb4 43. Rb8+ Kf7 44. Rb7+ 1/2-1/2

[Event "Take 5 2026.03"]
[Site "Montreal CAN"]
[Date "2026.03.14"]
[Round "2.5"]
[White "Sychev, Danila"]
[Black "Lillo, Matteo"]
[Result "1-0"]
[WhiteElo "1584"]
[BlackElo "1683"]
[WhiteFideId "-1"]
[BlackFideId "-1"]
[PlyCount "81"]
[GameId "2289088449100268"]
[EventDate "2026.03.13"]
[EventType "swiss"]
[EventRounds "5"]
[EventCountry "CAN"]

1. d4 Nf6 2. c4 e6 3. g3 d5 4. Nf3 c6 5. Bg2 Nbd7 6. O-O Be7 7. b3 b6 8. Nc3 Ba6 9. Nd2 Rc8 10. e4 dxe4 11. Ndxe4 c5 12. d5 exd5 13. Nxd5 Nxd5 14. Qxd5 Nf6 15. Nxf6+ Bxf6 16. Re1+ Kf8 17. Rb1 Qxd5 18. Bxd5 h5 19. Bb2 Bxb2 20. Rxb2 Rc7 21. Rbe2 g6 22. Re8+ Kg7 23. R8e7 Rhc8 24. Bxf7 Bb7 25. Bd5+ Kf8 26. Bxb7 Rxe7 27. Rxe7 Rd8 28. Re2 Kg7 29. Bd5 b5 30. Re7+ Kf6 31. Rxa7 Ke5 32. Rb7 b4 33. Rg7 Rd6 34. Re7+ Kf6 35. Rc7 Ke5 36. Rxc5 Kd4 37. Rc6 Rd7 38. Rxg6 Ra7 39. Rb6 Kc3 40. c5 Rxa2 41. c6 1-0

[Event "Take 5 2026.03"]
[Site "Montreal CAN"]
[Date "2026.03.14"]
[Round "2.6"]
[White "Vlasov, Alexander"]
[Black "Di Matteo, Alessio"]
[Result "0-1"]
[WhiteElo "1741"]
[BlackElo "2001"]
[WhiteFideId "-1"]
[BlackFideId "-1"]
[PlyCount "118"]
[GameId "2289088449100269"]
[EventDate "2026.03.13"]
[EventType "swiss"]
[EventRounds "5"]
[EventCountry "CAN"]

1. e4 c5 2. Nf3 e6 3. d4 cxd4 4. Nxd4 a6 5. Nc3 b5 6. Bd3 Bb7 7. O-O Nc6 8. Nxc6 Bxc6 9. Re1 Qb8 10. Qg4 Nf6 11. Qg3 Qxg3 12. hxg3 b4 13. Nd1 Bc5 14. Be3 Bxe3 15. Rxe3 Ng4 16. Re2 Ne5 17. f4 Ng4 18. a3 a5 19. axb4 axb4 20. Rxa8+ Bxa8 21. c3 bxc3 22. Nxc3 Ke7 23. b4 Rc8 24. Rc2 Bb7 25. Nb5 Rxc2 26. Bxc2 Nf6 27. e5 Nd5 28. Nd6 Nxb4 29. Bxh7 Bd5 30. Be4 f6 31. Bxd5 Nxd5 32. Nc4 Nb4 33. Kf2 fxe5 34. Nxe5 d5 35. Ke3 Kd6 36. Nf3 Nc6 37. g4 e5 38. fxe5+ Nxe5 39. Nd4 Nxg4+ 40. Kf4 Nh6 41. Kg5 Ke5 42. Ne2 Nf5 43. Kg6 Nd4 44. Nc1 Ne6 45. g4 d4 46. g5 Ke4 47. Kf7 Kf5 48. g6 Ke5 49. Nd3+ Kf5 50. Nc1 Nf4 51. Kxg7 Nxg6 52. Kf7 Nf4 53. Ke7 Ke5 54. Kd7 Kd5 55. Kc7 Kc4 56. Kc6 Nd3 57. Ne2 Nb4+ 58. Kd6 d3 59. Nf4 d2 0-1

[Event "Take 5 2026.03"]
[Site "Montreal CAN"]
[Date "2026.03.14"]
[Round "3.1"]
[White "Kraiouchkine, Nikita"]
[Black "Nassif, Aba"]
[Result "1-0"]
[WhiteElo "2221"]
[BlackElo "2003"]
[WhiteFideId "-1"]
[BlackFideId "-1"]
[PlyCount "77"]
[GameId "2289088449100270"]
[EventDate "2026.03.13"]
[EventType "swiss"]
[EventRounds "5"]
[EventCountry "CAN"]

1. e4 c5 2. Nf3 a6 3. c3 d5 4. exd5 Qxd5 5. d4 Nf6 6. Be2 Bg4 7. h3 Bh5 8. c4 Qd6 9. d5 e6 10. Nc3 Be7 11. Bg5 Nbd7 12. Qd2 O-O 13. Bf4 e5 14. Bh2 Rfe8 15. g4 Bg6 16. Qe3 Bd8 17. Nd2 Ba5 18. h4 Qb6 19. O-O-O h5 20. g5 Ng4 21. Bxg4 hxg4 22. Nce4 f5 23. gxf6 Nxf6 24. Nc3 Qd8 25. h5 Nxh5 26. Bxe5 Qe7 27. Rde1 Qf7 28. Qg5 Bd8 29. Qxg4 Rxe5 30. Rxe5 Nf4 31. Re3 b5 32. Nde4 bxc4 33. Rf3 Nd3+ 34. Kd2 Ne5 35. Rxf7 Nxg4 36. Rb7 Ba5 37. Nxc5 Rf8 38. Ne6 Rxf2+ 39. Ke1 1-0

[Event "Take 5 2026.03"]
[Site "Montreal CAN"]
[Date "2026.03.14"]
[Round "3.2"]
[White "Di Matteo, Alessio"]
[Black "Gamache, Lucien"]
[Result "1-0"]
[WhiteElo "2001"]
[BlackElo "1611"]
[WhiteFideId "-1"]
[BlackFideId "-1"]
[PlyCount "85"]
[GameId "2289088449100271"]
[EventDate "2026.03.13"]
[EventType "swiss"]
[EventRounds "5"]
[EventCountry "CAN"]

1. d4 Nf6 2. c4 e6 3. Nc3 d5 4. cxd5 exd5 5. Bg5 Be7 6. e3 O-O 7. Bd3 Re8 8. Nge2 Nbd7 9. O-O Nf8 10. b4 Ne6 11. Bh4 g5 12. Bg3 Bxb4 13. Qb3 Be7 14. Be5 c6 15. Ng3 Ng7 16. Rab1 h5 17. f3 h4 18. Nh1 Nd7 19. Bxg7 Kxg7 20. e4 dxe4 21. fxe4 Nf6 22. Ne2 Qb6 23. Qc3 Qd8 24. Nf2 a5 25. Qc1 Nh7 26. Qe3 f6 27. Qf3 Nf8 28. Qh5 Rb8 29. Bc4 Be6 30. Bxe6 Nxe6 31. Rbd1 Rh8 32. Qg4 Nf8 33. e5 Qd7 34. Qf3 f5 35. d5 cxd5 36. Rxd5 Qc8 37. Rc1 Qe8 38. Qxf5 Ng6 39. Ng4 Rf8 40. Nf6 Bxf6 41. exf6+ Kh6 42. Qxg5+ Kh7 43. Rc7+ 1-0

[Event "Take 5 2026.03"]
[Site "Montreal CAN"]
[Date "2026.03.14"]
[Round "3.3"]
[White "Lillo, Matteo"]
[Black "Pomerantz, Daniel"]
[Result "0-1"]
[WhiteElo "1683"]
[BlackElo "1989"]
[WhiteFideId "-1"]
[BlackFideId "-1"]
[PlyCount "56"]
[GameId "2289088449161712"]
[EventDate "2026.03.13"]
[EventType "swiss"]
[EventRounds "5"]
[EventCountry "CAN"]

1. Nf3 Nf6 2. d4 g6 3. g3 Bg7 4. Bg2 O-O 5. c4 d6 6. Nc3 c5 7. O-O Nc6 8. d5 Na5 9. Nd2 e6 10. e4 exd5 11. cxd5 Rb8 12. Rb1 a6 13. Qc2 b5 14. b4 Nb7 15. a4 Bd7 16. axb5 axb5 17. bxc5 Nxc5 18. Nb3 Nxb3 19. Qxb3 Ng4 20. Bb2 Re8 21. Ne2 Qe7 22. Bxg7 Kxg7 23. Nd4 Rec8 24. f4 Rc4 25. Qd3 Rbc8 26. Nxb5 Bxb5 27. Rxb5 Qa7+ 28. Kh1 Nf2+ 0-1

[Event "Take 5 2026.03"]
[Site "Montreal CAN"]
[Date "2026.03.14"]
[Round "3.4"]
[White "Turcotte, Jonathan"]
[Black "Robillard, Guillaume"]
[Result "0-1"]
[WhiteElo "1971"]
[BlackElo "1689"]
[WhiteFideId "-1"]
[BlackFideId "-1"]
[PlyCount "166"]
[GameId "2289088449161713"]
[EventDate "2026.03.13"]
[EventType "swiss"]
[EventRounds "5"]
[EventCountry "CAN"]

1. d4 Nf6 2. c4 d6 3. Nf3 Nbd7 4. Nc3 e5 5. e4 c6 6. Be2 Be7 7. O-O O-O 8. Re1 Re8 9. Bf1 exd4 10. Nxd4 Bf8 11. Nc2 Qc7 12. f3 a5 13. Bf4 Nc5 14. Qd2 Nh5 15. Be3 b6 16. Red1 Bb7 17. Kh1 Rad8 18. g4 Nf6 19. Bf4 Ne6 20. Bg3 h6 21. Ne3 g6 22. Rab1 Be7 23. a3 h5 24. h3 Kg7 25. Bg2 hxg4 26. hxg4 Rh8+ 27. Kg1 Ne8 28. f4 Bh4 29. Bxh4 Rxh4 30. Qf2 Qe7 31. Ne2 Nc5 32. Ng3 Bc8 33. b4 axb4 34. axb4 Na4 35. g5 Rh7 36. Ra1 b5 37. cxb5 cxb5 38. Nd5 Qe6 39. Qd4+ Kf8 40. f5 Qe5 41. Qxe5 dxe5 42. Rf1 gxf5 43. exf5 Rh4 44. Rad1 Nb2 45. Rd2 Nc4 46. Re2 Rg4 47. Kh2 Rxg5 48. Ne3 Nxe3 49. Rxe3 f6 50. Rc3 Bd7 51. Rd3 Rg7 52. Rfd1 Rh7+ 53. Kg1 Ke7 54. Bc6 Bxc6 55. Rxd8 Rh4 56. Rc8 Bf3 57. Rd3 e4 58. Re3 Kd7 59. Rc5 Nd6 60. Rd5 Kc6 61. Rd4 Rh3 62. Nxe4 Nxf5 63. Rc3+ Kb6 64. Rd8 Rh1+ 65. Kf2 Bxe4 66. Rb8+ Ka7 67. Rxb5 Rh2+ 68. Ke1 Ra2 69. Rc4 Bd3 70. Rc7+ Ka6 71. Rb8 Re2+ 72. Kd1 Ne3+ 73. Kc1 Nc4 74. b5+ Ka5 75. Ra8+ Kb4 76. Rxc4+ Kxc4 77. b6 Be4 78. Ra7 Re1+ 79. Kd2 Rb1 80. Ke3 f5 81. Rc7+ Kd5 82. b7 Kd6 83. Rh7 Rxb7 0-1

[Event "Take 5 2026.03"]
[Site "Montreal CAN"]
[Date "2026.03.14"]
[Round "3.5"]
[White "Duval, Mathieu"]
[Black "Coquilla, Konner-Virgo"]
[Result "1-0"]
[WhiteElo "1888"]
[BlackElo "1398"]
[WhiteFideId "-1"]
[BlackFideId "-1"]
[PlyCount "99"]
[GameId "2289088449161714"]
[EventDate "2026.03.13"]
[EventType "swiss"]
[EventRounds "5"]
[EventCountry "CAN"]

1. d4 d5 2. c4 c6 3. Nf3 Nf6 4. e3 e6 5. b3 Nbd7 6. Bd3 Bd6 7. Bb2 O-O 8. O-O Re8 9. Ne5 Ne4 10. f4 f6 11. Bxe4 dxe4 12. Nxd7 Bxd7 13. Nd2 f5 14. c5 Bc7 15. g4 g6 16. g5 h6 17. h4 h5 18. Qc2 b5 19. b4 a5 20. a3 a4 21. Qc3 Qe7 22. d5 Qh7 23. d6 Bd8 24. Qe5 Rc8 25. Rac1 Ra8 26. Rfd1 Rc8 27. Nb1 Kf7 28. Nc3 Kg8 29. Ne2 Kf7 30. Kf2 Kg8 31. Ke1 Kf7 32. Kd2 Kg8 33. Kc2 Kf7 34. Kb1 Kg8 35. Ka1 Kf7 36. Rg1 Kg8 37. Ng3 Kf7 38. Nxh5 Rg8 39. Nf6 Bxf6 40. Qxf6+ Ke8 41. h5 Qf7 42. hxg6 Rxg6 43. Qxf7+ Kxf7 44. Rh1 Rcg8 45. Rh7+ Ke8 46. Rch1 Kd8 47. Re7 Kc8 48. Rhh7 Rd8 49. Bf6 Rgg8 50. Ref7 1-0

[Event "Take 5 2026.03"]
[Site "Montreal CAN"]
[Date "2026.03.14"]
[Round "3.6"]
[White "Sychev, Danila"]
[Black "Kiryakov, Marin"]
[Result "1/2-1/2"]
[WhiteElo "1584"]
[BlackElo "1816"]
[WhiteFideId "-1"]
[BlackFideId "-1"]
[PlyCount "48"]
[GameId "2289088449161715"]
[EventDate "2026.03.13"]
[EventType "swiss"]
[EventRounds "5"]
[EventCountry "CAN"]

1. d4 Nf6 2. c4 g6 3. g3 Bg7 4. Bg2 d5 5. Nf3 dxc4 6. Ne5 O-O 7. O-O Nc6 8. Nxc6 bxc6 9. Bxc6 Bh3 10. Bg2 Bxg2 11. Kxg2 c5 12. dxc5 Qc7 13. Nc3 Qxc5 14. Qa4 Nd5 15. Nxd5 Qxd5+ 16. Kg1 Rfd8 17. Qc2 Rab8 18. Rb1 c3 19. bxc3 Rxb1 20. Qxb1 Bxc3 21. Be3 a5 22. Qc2 Bf6 23. Qa4 h5 24. h4 Qf5 1/2-1/2